书目信息 |
| 题名: |
明天, 你还敢吃吗
|
|
| 作者: | 王枫 主编 | |
| 分册: | ||
| 出版信息: | 西安 第四军医大学出版社 2008.10 |
|
| 页数: | 204页 | |
| 开本: | 23cm | |
| 丛书名: | ||
| 单 册: | ||
| 中图分类: | R155 | |
| 科图分类: | ||
| 主题词: | 食品卫生--shi pin wei sheng--基本知识 | |
| 电子资源: | ||
| ISBN: | 978-7-81086-588-3 | |
| 000 | 00756nam0 2200229 450 | |
| 001 | 012008929637 | |
| 005 | 20081218100016.48 | |
| 010 | @a978-7-81086-588-3@dCNY22.00 | |
| 100 | @a20081218d2008 em y0chiy0120 ea | |
| 101 | 0 | @achi |
| 102 | @aCN@b610000 | |
| 105 | @ay z 000yy | |
| 106 | @ar | |
| 200 | 1 | @a明天, 你还敢吃吗@Aming tian,ni hai gan chi ma@f王枫主编@Fwang feng zhu bian |
| 210 | @a西安@c第四军医大学出版社@d2008.10 | |
| 215 | @a204页@d23cm | |
| 330 | @a本书主要内容包括:什么是食品安全,食品质量主要有哪几项基本要求,什么是转基因食品,什么是无公害农产品等。 | |
| 606 | 0 | @a食品卫生@Ashi pin wei sheng@x基本知识 |
| 690 | @aR155@v4 | |
| 701 | 0 | @a王枫@Awang feng@4主编 |
| 801 | 0 | @aCN@bQSSK@c20081218 |
| 905 | @b735447-49@dR155@eW172@f3 | |
| 明天, 你还敢吃吗/王枫主编.-西安:第四军医大学出版社,2008.10 |
| 204页;23cm |
| ISBN 978-7-81086-588-3:CNY22.00 |
| 本书主要内容包括:什么是食品安全,食品质量主要有哪几项基本要求,什么是转基因食品,什么是无公害农产品等。 |
| ● |
| 相关链接 |
|
|
|
正题名:明天, 你还敢吃吗
索取号:R155/W172
 
预约/预借
| 序号 | 登录号 | 条形码 | 馆藏地/架位号 | 状态 | 备注 |
| 1 | 735447 | 207354478 | 自科库401/401自科库 102排2列3层/ [索取号:R155/W172] | 在馆 | |
| 2 | 735448 | 207354487 | 自科库401/401自科库 102排2列3层/ [索取号:R155/W172] | 在馆 | |
| 3 | 735449 | 207354496 | 自科库401/401自科库 102排2列3层/ [索取号:R155/W172] | 在馆 |